000 00634cam a2200217ua 4500
001 9826
008 161019n ii |||gr||||Z||||||eng
020 _a9788179775103
040 _cMAIN
041 _aeng
082 _a808.8032
100 _aSeth, Vikram,
_eAuthor.
245 _aFrom heaven lake :
_btravels through Sinkiang and Tibet ( a critical study) /
_cBy Vikram Seth & ed. by Rabi Kumar Jha .
250 _a1st ed.
260 _aBareilly:
_bPrakash book depot,
_c2014.
300 _a88p.
653 _aRhetoric & collections of literature
653 _aTravelogue
700 _aJha, Rabi Kumar,
_eAuthor.
942 _cBK
999 _c8836
_d8836